Southville International School and Colleges
Your cart is empty.
  • Cart
  • Lists
    Public lists Eva Luna New books Lux_list list_1
    Your lists Log in to create your own lists
  • Log in to your account
  • Your cookies
  • Search history
Southville International School and Colleges
  • Advanced search
  • Recent comments
  • Most popular
  • Libraries

Log in to your account

Log in with GOOGLE


If you do not have an external account, but do have a local account, you can still log in:

  1. Home
  2. MARC view: Wholeness :
Normal view MARC view ISBD view

Wholeness : (Record no. 288513)

[ view plain ]
MARC details
000 -LEADER
fixed length control field 00551nam a22001937a 4500
003 - CONTROL NUMBER IDENTIFIER
control field PILC
005 - DATE AND TIME OF LATEST TRANSACTION
control field 20150826150509.0
008 - FIXED-LENGTH DATA ELEMENTS--GENERAL INFORMATION
fixed length control field 150826b xxu||||| |||| 00| 0 eng d
020 ## - INTERNATIONAL STANDARD BOOK NUMBER
International Standard Book Number 9780891095927
050 ## - LIBRARY OF CONGRESS CALL NUMBER
Classification number HQ 2044.P6
Item number .M536 1989
100 ## - MAIN ENTRY--PERSONAL NAME
Personal name Menconi, Peter.
245 ## - TITLE STATEMENT
Title Wholeness :
Remainder of title putting the pieces /
Statement of responsibility, etc Peter Menconi, Richard Peace & Lyman Coleman.
260 ## - PUBLICATION, DISTRIBUTION, ETC. (IMPRINT)
Name of publisher, distributor, etc Serendipity House,
Date of publication, distribution, etc 1989.
300 ## - PHYSICAL DESCRIPTION
Extent 60 pages ;
Dimensions 24 cm.
650 ## - SUBJECT ADDED ENTRY--TOPICAL TERM
Topical term or geographic name as entry element Lifestyle.
700 ## - ADDED ENTRY--PERSONAL NAME
Personal name Peace, Richard.
700 ## - ADDED ENTRY--PERSONAL NAME
Personal name Coleman, Lyman.
942 ## - ADDED ENTRY ELEMENTS (KOHA)
Source of classification or shelving scheme Library of Congress Classification
Koha item type Books
Call number prefix Foreign
Holdings
Withdrawn status Lost status Source of classification or shelving scheme Damaged status Home library Current library Shelving location Date acquired Source of acquisition Sub Shelving location Total Checkouts Full call number Barcode Date last seen Price effective from Koha item type
    Library of Congress Classification   College Library College Library General Circulation Section 08/26/2015 Donation     HQ 2044.P6 .M536 1989 C19817 05/15/2018 08/26/2015 Books

Wholeness :

APA

Menconi P., Peace R. & Coleman L. (1989). Wholeness. : Serendipity House.

Chicago

Menconi Peter, Peace Richard and Coleman Lyman. 1989. Wholeness. : Serendipity House.

Harvard

Menconi P., Peace R. and Coleman L. (1989). Wholeness. : Serendipity House.

MLA

Menconi Peter, Peace Richard and Coleman Lyman. Wholeness. : Serendipity House. 1989.

  • Place hold
  • Print
  • Cite
  • Add to your cart (remove)
  • Save record
    BIBTEX Dublin Core MARCXML MARC (non-Unicode/MARC-8) MARC (Unicode/UTF-8) MARC (Unicode/UTF-8, Standard) MODS (XML) RIS
  • More searches
    Search for this title in:
    Other Libraries (WorldCat) Other Databases (Google Scholar) Online Stores (Bookfinder.com) Open Library (openlibrary.org)

Exporting to Dublin Core...

SOUTHVILLE LIBRARY

Southville International School and Colleges Library

1281 Tropical Ave. Cor. Luxembourg St., BF Homes International, Las Pinas City

Tel. No. 8256374 / 252358 Loc. 117/146

Powered by Koha